000 01049nam a22003377a 4500
003 CHAP
005 20220817041020.0
008 971013s1975 r 00010 d
010 _a4591
011 _a5563
035 _a4777
040 _cCHAP
090 _aFolleto 13109
100 0 0 _aPaterno, Erlinda P.
_986156
245 _aLegume inoculation and pelleting
260 _aTaipei, Taiwan :
_bFood and Fertilizer Technology Center,
_c1975
300 _a11 p.
490 _aExtension bulletin
_v; 62
500 _a53-441
590 _aBATCH-UPD
_b10
_c20130110
_lUCH01
_h0236
590 _aBATCH-UPD
_b10
_c20130110
_lUCH01
_h2025
590 _aBATCH-UPD
_b10
_c20130410
_lUCH01
_h1342
590 _aBATCH-UPD
_b10
_c20130914
_lUCH01
_h1720
590 _aCONVERSION
_b10
_c20130109
_lUCH01
_h1304
650 1 4 _aLeguminosas
_xInoculación.
_965834
830 0 _aExtension bulletin
_v; 62
901 _aBK
942 _cFOLL
949 _aFolleto 13109
_bBC
_cFOLL
_d-14324
_eTS1
_i4777
_si
949 _aFolleto 13109
_bBC
_cFOLL
_d-73547
_eTS2
_fc.2
_i4777
_si
999 _c4591
_d4591